The land and people of India / (Record no. 4183)
[ view plain ]
| 000 -LEADER | |
|---|---|
| fixed length control field | 00723nam a2200217 a 4500 |
| 003 - CONTROL NUMBER IDENTIFIER | |
| JCCL marc code | BD-JhCC |
| 005 - DATE AND TIME OF LATEST TRANSACTION | |
| control field | 20171123195153.0 |
| 008 - FIXED-LENGTH DATA ELEMENTS--GENERAL INFORMATION | |
| fixed length control field | 171123r19611955bg a|||| |||| 001 0 eng d |
| 035 ## - SYSTEM CONTROL NUMBER | |
| system control number | (BD-JhCC) |
| 040 ## - CATALOGING SOURCE | |
| Original cataloging agency | BD-JhCC |
| Modifying agency | BD-JhCC |
| 041 ## - LANGUAGE CODE | |
| Language code of Book | eng |
| 082 ## - DEWEY DECIMAL CLASSIFICATION NUMBER | |
| Classification number | 915.4 |
| Author mark and Year | RAW 1961 |
| 100 ## - MAIN ENTRY--PERSONAL NAME | |
| Personal name | Rawlinson, H. G. |
| Titles and other words associated with a name | 1880-1957 |
| Fuller form of name | (Hugh George), |
| 245 ## - TITLE STATEMENT | |
| Title | The land and people of India / |
| Statement of responsibility, etc | H. G. Rawlinson |
| 260 ## - PUBLICATION, DISTRIBUTION, ETC. (IMPRINT) | |
| Place of publication, distribution, etc | London and New York : |
| Name of publisher, distributor, etc | A. & C. Black and Macmillan, |
| Date of publication, distribution, etc | 1961. |
| 300 ## - PHYSICAL DESCRIPTION | |
| Pagination | 90 p. : |
| Other physical details | illustrations |
| Dimensions | 20 cm. |
| 500 ## - GENERAL NOTE | |
| General note | Also published under title: India.<br/>"First published 1955; reprinted, with corrections ... 1961." |
| 650 ## - SUBJECT ADDED ENTRY--TOPICAL TERM | |
| Topical term or geographic name as entry element | India |
| General subdivision | Description and travel. |
| 942 ## - ADDED ENTRY ELEMENTS (KOHA) | |
| Source of classification or shelving scheme | Dewey Decimal Classification |
| Koha item type | Books |
| Source of classification or shelving scheme | Damaged status | Not for loan | Home library | Current library | Shelving location | Date of accession | Total Checkouts | Full call number | Barcode | Date last seen | Copy number | Koha item type |
|---|---|---|---|---|---|---|---|---|---|---|---|---|
| Dewey Decimal Classification | JCC Rouf Library | JCC Rouf Library | General Stacks | 11/23/2017 | 915.4 RAW 1961 | 5725 | 11/23/2017 | C- 1 | Books |